Biggest Cities of Portugal - Statistics

General Stats
  • This quiz has been taken 394 times
    234 since last reset
  • The average score is 11 of 25
Answer Stats
Administrative Area Population Answer % Correct
Lisbon 564.657 Lisbon
99%
North 263.131 Porto
97%
North 152.693 Braga
81%
Centre 138.540 Coimbra
78%
Lisbon 100.849 Setúbal
67%
Madeira 103.961 Funchal
65%
North 288.749 Vila Nova de Gaia
59%
Centre 67.003 Aveiro
58%
Centre 61.147 Viseu
57%
Lisbon 175.872 Amadora
55%
North 93.248 Guimarães
54%
Centre 62.353 Leiria
49%
Lisbon 92.605 Almada
48%
North 167.026 Matosinhos
37%
Lisbon 53.910 Barreiro
30%
North 120.111 Maia
29%
Lisbon 78.227 Odivelas
29%
Lisbon 67.118 Oeiras
29%
Lisbon 46.184 Loures
26%
Lisbon 52.805 Seixal
20%
North 46.958 Gondomar
19%
North 63.470 Póvoa de Varzim
16%
North 57.159 Barcelos
15%
North 114.906 Santa Maria da Feira
15%
Centre 46.218 Águeda
5%
No matching quizzes found
Score Distribution
Percent of People with Each Score
Percentile by Number Answered
Your Score History
You have not taken this quiz since the last reset